000 00818cad a22002055a 4500
001 L149943
008 100519e20101014xxk f 000 0 eng d
035 _a(Sirsi) u149943
041 0 _aeng
110 2 _aFederation of Master Builders
_9465
245 0 0 _aState of trade survey
_bQ1 2010
_h[electronic resource]
260 _c2010
490 _aFederation of Master Builders State of Trade Survey
_vFirst quarter 2010
520 _aCovers summary, workload, expected workload and enquiries, materials, employment and labour, and UK regional perspective.
590 _aKA NTK
651 4 _aUnited Kingdom
_y
690 _aBUILT ENVIRONMENT-CONSTRUCTION MARKET
856 4 0 _uhttps://www.pwc.com/th/en/publications/confronting-corruption.jhtml
_zView the item free of charge at the fmb.org.uk website.
942 _n0
999 _c82342
_d82342